Bundesliga 100 Biggest Transfers - Statistics

General Stats
  • This quiz has been taken 444 times
  • The average score is 73 of 100
Answer Stats
Nation Player From Joined % Correct
England ST Harry Kane 23/24 Tottenham Hotspur Bayern Munich
100%
South Korea CB Kim Min-jae 23/24 Napoli Bayern Munich
98%
Germany RW Leroy Sane 20/21 Manchester City Bayern Munich
98%
France CB Dayot Upamecano 21/22 RB Leipzig Bayern Munich
96%
France CB Dayot Upamecano 16/17 RB Salzburg RB Leipzig
96%
France CB Lucas Hernandez 19/20 Atletico Madrid Bayern Munich
96%
Germany CB Mats Hummels 16/17 Borussia Dortmund Bayern Munich
96%
Germany CB Mats Hummels 19/20 Bayern Munich Borussia Dortmund
96%
Netherlands CB Matthijs de Ligt 22/23 Juventus Bayern Munich
96%
Senegal LW Sadio Mane 22/23 Liverpool Bayern Munich
94%
Chile CM Arturo Vidal 15/16 Juventus Bayern Munich
93%
Germany AM Mario Gotze 13/14 Borussia Dortmund Bayern Munich
93%
Germany AM Mario Gotze 16/17 Bayern Munich Borussia Dortmund
93%
England CM Jude Bellingham 20/21 Birmingham City Borussia Dortmund
92%
Germany GK Manuel Neuer 11/12 Schalke Bayern Munich
92%
France LW Franck Ribery 07/08 Marseille Bayern Munich
91%
Netherlands RW Arjen Robben 09/10 Real Madrid Bayern Munich
89%
Spain DM Javi Martinez 12/13 Athletic Bilbao Bayern Munich
89%
Hungary AM Dominik Szoboszlai 20/21 RB Salzburg RB Leipzig
88%
Ivory Coast ST Sebastien Haller 22/23 Ajax Borussia Dortmund
88%
France CB Benjamin Pavard 19/20 Stuttgart Bayern Munich
87%
France CM Corentin Tolisso 17/18 Lyon Bayern Munich
87%
Norway ST Erling Haaland 19/20 RB Salzburg Borussia Dortmund
87%
Croatia CB Josko Gvardiol 21/22 Dinamo Zagreb RB Leipzig
87%
Germany ST Mario Gomez 09/10 Stuttgart Bayern Munich
86%
Belgium AM Kevin De Bruyne 13/14 Chelsea Wolfsburg
85%
Belgium ST Lois Openda 23/24 Lens RB Leipzig
85%
Germany ST Timo Werner 16/17 Stuttgart RB Leipzig
85%
Germany ST Timo Werner 22/23 Chelsea RB Leipzig
85%
Brazil RW Douglas Costa 15/16 Shakhtar Donetsk Bayern Munich
84%
France RW Ousmane Dembele 16/17 Rennes Borussia Dortmund
84%
Czech Republic ST Patrik Schick 20/21 Roma Bayer Leverkusen
84%
Germany LW Julian Draxler 15/16 Schalke Wolfsburg
83%
France LW Kingsley Coman 17/18 Juventus Bayern Munich
83%
Portugal CM Renato Sanches 16/17 Benfica Bayern Munich
83%
Spain CM Thiago Alcantara 13/14 Barcelona Bayern Munich
83%
Germany LW Andre Schurrle 14/15 Chelsea Wolfsburg
82%
Germany LW Andre Schurrle 16/17 Wolfsburg Borussia Dortmund
82%
Spain AM Dani Olmo 19/20 Dinamo Zagreb RB Leipzig
82%
Germany DM Emre Can 20/21 Juventus Borussia Dortmund
82%
England LW Jadon Sancho 17/18 Manchester City Borussia Dortmund
82%
Netherlands RW Donyell Malen 21/22 PSV Borussia Dortmund
81%
Germany AM Marco Reus 12/13 Borussia Monchengladbach Borussia Dortmund
81%
Belgium LW Thorgan Hazard 19/20 Borussia Monchengladbach Borussia Dortmund
81%
Austria CM Marcel Sabitzer 23/24 Bayern Munich Borussia Dortmund
80%
Guinea CM Naby Keita 16/17 RB Salzburg RB Leipzig
78%
Germany LW Karim Adeyemi 22/23 RB Salzburg Borussia Dortmund
77%
Germany CB Niklas Sule 17/18 Hoffenheim Bayern Munich
76%
Portugal ST Andre Silva 21/22 Eintracht Frankfurt RB Leipzig
75%
Armenia CM Henrikh Mkhitaryan 13/14 Shakhtar Donetsk Borussia Dortmund
75%
Germany AM Julian Brandt 19/20 Bayer Leverkusen Borussia Dortmund
75%
Morocco CB Medhi Benatia 14/15 Roma Bayern Munich
75%
Germany CB Nico Schlotterbeck 22/23 Freiburg Borussia Dortmund
75%
Belgium DM Axel Witsel 18/19 Tianjin Quanjian Borussia Dortmund
74%
Italy ST Ciro Immobile 14/15 Torino Borussia Dortmund
74%
France ST Mathys Tel 22/23 Rennes Bayern Munich
74%
Nigeria ST Victor Boniface 23/24 Union Saint-Gilloise Bayer Leverkusen
74%
Germany LB David Raum 22/23 Hoffenheim RB Leipzig
73%
Serbia ST Luka Jovic 19/20 Benfica Eintracht Frankfurt
72%
Spain ST Paco Alcacer 19/20 Barcelona Borussia Dortmund
72%
Spain LB Angelino 21/22 Manchester City RB Leipzig
71%
Poland ST Krzysztof Piatek 19/20 Milan Hertha Berlin
71%
Netherlands CM Ryan Gravenberch 22/23 Ajax Bayern Munich
71%
Switzerland ST Breel Embolo 16/17 Basel Schalke
70%
Switzerland CB Manuel Akanji 17/18 Basel Borussia Dortmund
70%
Slovenia ST Benjamin Sesko 23/24 RB Salzburg RB Leipzig
69%
Germany CM Felix Nmecha 23/24 Wolfsburg Borussia Dortmund
69%
France SS Christopher Nkunku 19/20 Paris Saint-Germain RB Leipzig
68%
France ST Alassane Plea 18/19 Nice Borussia Monchengladbach
67%
Burkina Faso CB Edmond Tapsoba 19/20 Vitoria Guimaraes Bayer Leverkusen
67%
Denmark CM Thomas Delaney 18/19 Werder Bremen Borussia Dortmund
67%
Argentina CM Exequiel Palacios 19/20 River Plate Bayer Leverkusen
66%
Slovenia CM Kevin Kampl 17/18 Bayer Leverkusen RB Leipzig
66%
Ukraine RW Andriy Yarmolenko 17/18 Dynamo Kyiv Borussia Dortmund
65%
France CB Castello Lukeba 23/24 Lyon RB Leipzig
63%
Senegal CB Abdou Diallo 18/19 Mainz Borussia Dortmund
61%
United States CB John Brooks 17/18 Hertha Berlin Wolfsburg
61%
Germany LB Nico Schulz 19/20 Hoffenheim Borussia Dortmund
61%
Germany CB Matthias Ginter 17/18 Borussia Dortmund Borussia Monchengladbach
60%
Algeria CM Nabil Bentaleb 17/18 Tottenham Hotspur Schalke
60%
Austria AM Christoph Baumgartner 23/24 Hoffenheim RB Leipzig
57%
Germany CM Kerem Demirbay 19/20 Hoffenheim Bayer Leverkusen
57%
Croatia CM Lovro Majer 23/24 Rennes Wolfsburg
57%
Norway ST Alexander Sorloth 20/21 Crystal Palace RB Leipzig
54%
Brazil ST Matheus Cunha 19/20 RB Leipzig Hertha Berlin
54%
Netherlands ST Roy Makaay 03/04 Deportivo La Coruna Bayern Munich
54%
France DM Lucas Tousart 19/20 Lyon Hertha Berlin
53%
England RW Nathan Tella 23/24 Southampton Bayer Leverkusen
53%
Belgium RW Dodi Lukebakio 19/20 Watford Hertha Berlin
51%
Ivory Coast CB Odilon Kossounou 21/22 Club Brugge Bayer Leverkusen
51%
Mali CM Amadou Haidara 18/19 RB Salzburg RB Leipzig
48%
Argentina ST Lucas Alario 17/18 River Plate Bayer Leverkusen
45%
Nigeria SS Ademola Lookman 19/20 Everton RB Leipzig
44%
Germany ST Kevin Volland 16/17 Hoffenheim Bayer Leverkusen
44%
Austria CM Nicolas Seiwald 23/24 RB Salzburg RB Leipzig
42%
Austria CB Aleksandar Dragovic 16/17 Dynamo Kyiv Bayer Leverkusen
40%
Brazil ST Marcio Amoroso 01/02 Parma Borussia Dortmund
39%
Germany SS Maximilian Philipp 17/18 Freiburg Borussia Dortmund
38%
Brazil LW Paulinho 18/19 Vasco da Gama Bayer Leverkusen
36%
Greece CB Panagiotis Retsos 17/18 Olympiacos Bayer Leverkusen
29%
No matching quizzes found
Score Distribution
Percent of People with Each Score
Percentile by Number Answered
Your Score History
You have not taken this quiz